[Event "Grand Swiss "]
[Date "2025.09.14"]
[White "Karthikeyan, Murali"]
[Black "Zemlyanskii, Ivan"]
[WhiteElo "2669"]
[BlackElo "2586"]
[Round "10.10.39"]
[Result "1/2-1/2"]

1. e4 {[%clk 01:40:35] [%emt 00:00:23]} e5 {[%clk 01:40:53] [%emt 00:00:08]} 2.
Nf3 {[%clk 01:40:59] [%emt 00:00:06]} Nc6 {[%clk 01:41:20] [%emt 00:00:04]} 3.
Bb5 {[%clk 01:41:14] [%emt 00:00:15]} a6 {[%clk 01:41:45] [%emt 00:00:04]} 4.
Ba4 {[%clk 01:41:36] [%emt 00:00:08]} Nf6 {[%clk 01:42:10] [%emt 00:00:06]} 5.
d3 {[%clk 01:41:21] [%emt 00:00:44]} Bc5 {[%clk 01:42:24] [%emt 00:00:16]} 6. c3
{[%clk 01:40:56] [%emt 00:00:55]} O-O {[%clk 01:41:59] [%emt 00:00:55]} 7. O-O
{[%clk 01:40:29] [%emt 00:00:57]} d5 {[%clk 01:41:34] [%emt 00:00:56]} 8. Bxc6
{[%clk 01:35:02] [%emt 00:05:57]} bxc6 {[%clk 01:42:00] [%emt 00:00:04]} 9. Nxe5
{[%clk 01:34:08] [%emt 00:01:23]} dxe4 {[%clk 01:41:30] [%emt 00:01:00]} 10. d4
{[%clk 01:34:11] [%emt 00:00:26]} Bb6 {[%clk 01:40:59] [%emt 00:01:02]} 11. Bg5
{[%clk 01:29:58] [%emt 00:04:43]} h6 {[%clk 01:37:14] [%emt 00:04:15]} 12. Bxf6
{[%clk 01:24:50] [%emt 00:05:38]} Qxf6 {[%clk 01:37:40] [%emt 00:00:04]} 13. Nd2
{[%clk 01:25:12] [%emt 00:00:08]} c5 {[%clk 01:37:47] [%emt 00:00:24]} 14. Nxe4
{[%clk 01:23:48] [%emt 00:01:54]} Qe6 {[%clk 01:38:14] [%emt 00:00:04]} 15. Re1
{[%clk 01:21:16] [%emt 00:03:01]} cxd4 {[%clk 01:34:26] [%emt 00:04:18]} 16.
cxd4 {[%clk 01:20:48] [%emt 00:00:58]} Rd8 {[%clk 01:33:35] [%emt 00:01:21]} 17.
Qc2 {[%clk 01:07:09] [%emt 00:14:09]} Rxd4 {[%clk 01:28:11] [%emt 00:05:54]} 18.
Nc6 {[%clk 01:03:48] [%emt 00:03:51]} Rc4 {[%clk 01:25:24] [%emt 00:03:18]} 19.
Ne7+ {[%clk 01:03:19] [%emt 00:00:58]} Kh8 {[%clk 01:25:13] [%emt 00:00:41]} 20.
Nc3 {[%clk 01:01:17] [%emt 00:02:32]} Qd6 {[%clk 01:15:46] [%emt 00:09:57]} 21.
Rad1 {[%clk 00:46:19] [%emt 00:15:28]} Rd4 {[%clk 01:14:13] [%emt 00:02:04]} 22.
Rxd4 {[%clk 00:40:23] [%emt 00:06:26]} Bxd4 {[%clk 01:13:24] [%emt 00:01:19]}
23. Qe4 {[%clk 00:39:09] [%emt 00:01:44]} Rb8 {[%clk 01:10:54] [%emt 00:03:01]}
24. Ned5 {[%clk 00:28:15] [%emt 00:11:23]} Qe6 {[%clk 01:06:28] [%emt 00:04:55]}
25. Re2 {[%clk 00:23:08] [%emt 00:05:38]} Qxe4 {[%clk 00:44:49] [%emt 00:22:09]}
26. Rxe4 {[%clk 00:22:03] [%emt 00:01:35]} Ba7 {[%clk 00:45:02] [%emt 00:00:18]}
27. Re8+ {[%clk 00:15:25] [%emt 00:07:08]} Kh7 {[%clk 00:45:31] [%emt 00:00:01]}
28. h4 {[%clk 00:12:04] [%emt 00:03:50]} Bb7 {[%clk 00:33:44] [%emt 00:12:17]}
29. Re7 {[%clk 00:10:32] [%emt 00:02:02]} Bxd5 {[%clk 00:33:25] [%emt 00:00:49]}
30. Nxd5 {[%clk 00:11:00] [%emt 00:00:02]} Rxb2 {[%clk 00:33:34] [%emt
00:00:20]} 31. Rxf7 {[%clk 00:11:19] [%emt 00:00:12]} Bd4 {[%clk 00:32:12] [%emt
00:01:52]} 32. g4 {[%clk 00:05:42] [%emt 00:06:07]} c5 {[%clk 00:28:59] [%emt
00:03:44]} 33. h5 {[%clk 00:05:42] [%emt 00:00:29]} c4 {[%clk 00:27:25] [%emt
00:02:05]} 34. Rc7 {[%clk 00:05:57] [%emt 00:00:15]} c3 {[%clk 00:24:54] [%emt
00:03:01]} 35. Nxc3 {[%clk 00:06:14] [%emt 00:00:13]} Rxf2 {[%clk 00:25:12]
[%emt 00:00:12]} 36. Rc4 {[%clk 00:05:55] [%emt 00:00:49]} Rd2+ {[%clk 00:20:59]
[%emt 00:04:43]} 37. Kf1 {[%clk 00:06:09] [%emt 00:00:16]} Bxc3 {[%clk 00:20:06]
[%emt 00:01:23]} 38. Rxc3 {[%clk 00:06:37] [%emt 00:00:02]} Rxa2 {[%clk
00:19:58] [%emt 00:00:38]} 39. Rc5 {[%clk 00:05:23] [%emt 00:01:43]} Ra4 {[%clk
00:04:59] [%emt 00:15:29]} 40. g5 {[%clk 00:05:47] [%emt 00:00:06]} hxg5 {[%clk
00:03:13] [%emt 00:02:17]} 41. Rxg5 {[%clk 00:06:14] [%emt 00:00:03]} Re4 {[%clk
00:03:14] [%emt 00:00:29]} 42. Ra5 {[%clk 00:05:37] [%emt 00:01:08]} Re6 {[%clk
00:03:36] [%emt 00:00:08]} 43. Kf2 {[%clk 00:05:39] [%emt 00:00:28]} Kg8 {[%clk
00:02:59] [%emt 00:01:07]} 44. Kf3 {[%clk 00:04:32] [%emt 00:01:37]} Kf7 {[%clk
00:03:19] [%emt 00:00:10]} 45. Kf4 {[%clk 00:04:25] [%emt 00:00:38]} Rb6 {[%clk
00:02:40] [%emt 00:01:09]} 46. Ke4 {[%clk 00:03:46] [%emt 00:01:09]} Rb4+ {[%clk
00:02:10] [%emt 00:01:00]} 47. Kf3 {[%clk 00:04:03] [%emt 00:00:12]} Rb6 {[%clk
00:02:36] [%emt 00:00:05]} 48. Ke4 {[%clk 00:04:25] [%emt 00:00:07]} Rf6 {[%clk
00:01:54] [%emt 00:01:12]} 49. Ke3 {[%clk 00:03:20] [%emt 00:01:35]} Kg8 {[%clk
00:01:12] [%emt 00:01:12]} 50. Ke4 {[%clk 00:02:50] [%emt 00:01:00]} Kh7 {[%clk
00:01:24] [%emt 00:00:18]} 51. Ke3 {[%clk 00:02:56] [%emt 00:00:24]} Kh6 {[%clk
00:01:41] [%emt 00:00:13]} 52. Ke4 {[%clk 00:03:19] [%emt 00:00:07]} Rf1 {[%clk
00:01:31] [%emt 00:00:40]} 53. Ke3 {[%clk 00:03:40] [%emt 00:00:08]} Rb1 {[%clk
00:01:17] [%emt 00:00:45]} 54. Rxa6+ {[%clk 00:03:31] [%emt 00:00:40]} Kxh5
{[%clk 00:01:42] [%emt 00:00:05]} 55. Kf2 {[%clk 00:03:54] [%emt 00:00:07]} g5
{[%clk 00:02:09] [%emt 00:00:04]} 56. Ra4 {[%clk 00:04:12] [%emt 00:00:12]} Rb5
{[%clk 00:02:27] [%emt 00:00:12]} 57. Kg3 {[%clk 00:04:34] [%emt 00:00:07]} g4
{[%clk 00:02:54] [%emt 00:00:04]} 58. Ra8 {[%clk 00:04:58] [%emt 00:00:06]} Rb6
{[%clk 00:03:11] [%emt 00:00:13]} 59. Rh8+ {[%clk 00:05:21] [%emt 00:00:06]} Rh6
{[%clk 00:03:38] [%emt 00:00:03]} 1/2-1/2

[Site "Europe Echecs"]

[Event "Grand Swiss "]
[Date "2025.09.14"]
[White "Wojtaszek, Radoslaw"]
[Black "Najer, Evgeniy"]
[WhiteElo "2661"]
[BlackElo "2613"]
[Round "10.10.40"]
[Result "1-0"]

1. Nf3 {[%clk 01:40:57] [%emt 00:00:02]} d5 {[%clk 01:40:35] [%emt 00:00:25]} 2.
g3 {[%clk 01:41:23] [%emt 00:00:04]} c5 {[%clk 01:35:06] [%emt 00:06:00]} 3. Bg2
{[%clk 01:41:43] [%emt 00:00:09]} Nf6 {[%clk 01:35:20] [%emt 00:00:16]} 4. O-O
{[%clk 01:41:59] [%emt 00:00:13]} e6 {[%clk 01:35:48] [%emt 00:00:03]} 5. c4
{[%clk 01:42:17] [%emt 00:00:12]} d4 {[%clk 01:36:00] [%emt 00:00:18]} 6. e3
{[%clk 01:42:13] [%emt 00:00:34]} Nc6 {[%clk 01:36:26] [%emt 00:00:05]} 7. d3
{[%clk 01:42:18] [%emt 00:00:24]} dxe3 {[%clk 01:34:24] [%emt 00:02:33]} 8. Bxe3
{[%clk 01:41:03] [%emt 00:01:44]} Be7 {[%clk 01:26:47] [%emt 00:08:07]} 9. d4
{[%clk 01:36:15] [%emt 00:05:18]} O-O {[%clk 01:18:52] [%emt 00:08:25]} 10. h3
{[%clk 01:23:31] [%emt 00:13:14]} cxd4 {[%clk 00:59:52] [%emt 00:19:30]} 11.
Nxd4 {[%clk 01:23:53] [%emt 00:00:07]} Nxd4 {[%clk 01:00:20] [%emt 00:00:02]}
12. Qxd4 {[%clk 01:20:46] [%emt 00:03:38]} Qa5 {[%clk 00:55:55] [%emt 00:04:55]}
13. Qc3 {[%clk 01:07:35] [%emt 00:13:41]} Qc7 {[%clk 00:54:56] [%emt 00:01:29]}
14. Bf4 {[%clk 01:07:12] [%emt 00:00:53]} Bd6 {[%clk 00:48:38] [%emt 00:06:48]}
15. Bxd6 {[%clk 01:07:00] [%emt 00:00:41]} Qxd6 {[%clk 00:49:04] [%emt
00:00:04]} 16. Na3 {[%clk 01:03:36] [%emt 00:03:55]} a6 {[%clk 00:49:02] [%emt
00:00:33]} 17. Rfe1 {[%clk 00:55:53] [%emt 00:08:13]} Qc7 {[%clk 00:42:42] [%emt
00:06:50]} 18. Nc2 {[%clk 00:54:54] [%emt 00:01:28]} Bd7 {[%clk 00:41:55] [%emt
00:01:17]} 19. Nd4 {[%clk 00:55:17] [%emt 00:00:06]} Rfc8 {[%clk 00:36:33] [%emt
00:05:52]} 20. Rac1 {[%clk 00:53:18] [%emt 00:02:29]} a5 {[%clk 00:36:48] [%emt
00:00:16]} 21. b3 {[%clk 00:52:28] [%emt 00:01:19]} h6 {[%clk 00:36:28] [%emt
00:00:51]} 22. a3 {[%clk 00:52:33] [%emt 00:00:25]} Bc6 {[%clk 00:31:45] [%emt
00:05:13]} 23. Nxc6 {[%clk 00:47:32] [%emt 00:05:30]} bxc6 {[%clk 00:31:44]
[%emt 00:00:31]} 24. b4 {[%clk 00:47:57] [%emt 00:00:04]} axb4 {[%clk 00:32:11]
[%emt 00:00:03]} 25. axb4 {[%clk 00:48:23] [%emt 00:00:04]} Rab8 {[%clk
00:31:11] [%emt 00:01:31]} 26. Red1 {[%clk 00:43:08] [%emt 00:05:44]} Qb6 {[%clk
00:27:40] [%emt 00:04:01]} 27. Rb1 {[%clk 00:40:48] [%emt 00:02:51]} Qc7 {[%clk
00:27:58] [%emt 00:00:11]} 28. Rd2 {[%clk 00:34:36] [%emt 00:06:42]} Rd8 {[%clk
00:25:51] [%emt 00:02:38]} 29. Rxd8+ {[%clk 00:31:00] [%emt 00:04:06]} Rxd8
{[%clk 00:26:17] [%emt 00:00:04]} 30. Qf3 {[%clk 00:31:25] [%emt 00:00:04]} Rc8
{[%clk 00:26:14] [%emt 00:00:33]} 31. b5 {[%clk 00:31:03] [%emt 00:00:52]} cxb5
{[%clk 00:11:14] [%emt 00:15:31]} 32. cxb5 {[%clk 00:30:51] [%emt 00:00:41]} Nd5
{[%clk 00:11:15] [%emt 00:00:29]} 33. Qb3 {[%clk 00:31:11] [%emt 00:00:10]} Nb6
{[%clk 00:11:20] [%emt 00:00:25]} 34. Bc6 {[%clk 00:30:43] [%emt 00:00:58]} Rd8
{[%clk 00:05:53] [%emt 00:05:58]} 35. Qe3 {[%clk 00:30:48] [%emt 00:00:24]} Nc4
{[%clk 00:05:44] [%emt 00:00:39]} 36. Qc5 {[%clk 00:29:52] [%emt 00:01:26]} Nb6
{[%clk 00:03:51] [%emt 00:02:24]} 37. Ra1 {[%clk 00:29:53] [%emt 00:00:28]} Rd5
{[%clk 00:03:02] [%emt 00:01:20]} 38. Qe3 {[%clk 00:27:44] [%emt 00:02:39]} Rd8
{[%clk 00:03:29] [%emt 00:00:03]} 39. Ra6 {[%clk 00:22:10] [%emt 00:06:04]} Rb8
{[%clk 00:02:20] [%emt 00:01:39]} 40. Qd4 {[%clk 00:20:21] [%emt 00:02:19]} Nc8
{[%clk 00:01:18] [%emt 00:01:32]} 41. Qc5 {[%clk 00:11:42] [%emt 00:09:09]} Rb6
{[%clk 00:24:54] [%emt 00:26:54]} 42. Ra8 {[%clk 01:00:14] [%emt 00:01:57]} Rb8
{[%clk 00:22:46] [%emt 00:02:38]} 43. Ra1 {[%clk 00:45:29] [%emt 00:15:15]} Qd6
{[%clk 00:21:05] [%emt 00:02:10]} 44. Qc2 {[%clk 00:41:06] [%emt 00:04:54]} Ne7
{[%clk 00:20:09] [%emt 00:01:27]} 45. Rd1 {[%clk 00:41:23] [%emt 00:00:12]} Nd5
{[%clk 00:17:16] [%emt 00:03:23]} 46. Qe4 {[%clk 00:38:20] [%emt 00:03:33]} Rd8
{[%clk 00:17:12] [%emt 00:00:35]} 47. Qd4 {[%clk 00:34:49] [%emt 00:04:00]} Rb8
{[%clk 00:09:49] [%emt 00:07:54]} 48. Bxd5 {[%clk 00:31:51] [%emt 00:03:28]}
exd5 {[%clk 00:09:51] [%emt 00:00:28]} 49. Qxd5 {[%clk 00:32:16] [%emt
00:00:04]} Qxd5 {[%clk 00:04:44] [%emt 00:05:37]} 50. Rxd5 {[%clk 00:32:13]
[%emt 00:00:33]} Kf8 {[%clk 00:03:20] [%emt 00:01:55]} 51. Kg2 {[%clk 00:30:27]
[%emt 00:02:16]} Ke7 {[%clk 00:03:49] [%emt 00:00:02]} 52. Kf3 {[%clk 00:30:47]
[%emt 00:00:10]} Ra8 {[%clk 00:01:55] [%emt 00:02:24]} 53. Ke4 {[%clk 00:25:05]
[%emt 00:06:11]} Ra2 {[%clk 00:02:07] [%emt 00:00:18]} 54. f4 {[%clk 00:24:24]
[%emt 00:01:11]} g6 {[%clk 00:01:29] [%emt 00:01:09]} 55. Rc5 {[%clk 00:22:43]
[%emt 00:02:11]} Kd7 {[%clk 00:01:19] [%emt 00:00:40]} 56. Ke5 {[%clk 00:21:58]
[%emt 00:01:14]} Ra3 {[%clk 00:01:39] [%emt 00:00:11]} 57. b6 {[%clk 00:19:27]
[%emt 00:03:01]} Rxg3 {[%clk 00:02:00] [%emt 00:00:08]} 58. Rc7+ {[%clk
00:19:44] [%emt 00:00:14]} Kd8 {[%clk 00:02:29]} 59. Rxf7 {[%clk 00:19:47] [%emt
00:00:27]} Kc8 {[%clk 00:02:13] [%emt 00:00:46]} 60. Rg7 {[%clk 00:11:18] [%emt
00:08:59]} Re3+ {[%clk 00:01:49] [%emt 00:00:53]} 61. Kd5 {[%clk 00:02:41] [%emt
00:09:07]} Rd3+ {[%clk 00:01:21] [%emt 00:00:59]} 62. Ke5 {[%clk 00:10:49] [%emt
00:07:22]} Re3+ {[%clk 00:16:35] [%emt 00:00:15]} 63. Kf6 {[%clk 00:07:26] [%emt
00:03:53]} Re4 {[%clk 00:15:23] [%emt 00:01:42]} 64. Kxg6 {[%clk 00:07:00] [%emt
00:00:56]} Rxf4 {[%clk 00:15:47] [%emt 00:00:06]} 65. Rh7 {[%clk 00:07:21] [%emt
00:00:09]} Rb4 {[%clk 00:13:28] [%emt 00:02:50]} 66. b7+ {[%clk 00:07:47] [%emt
00:00:04]} Kb8 {[%clk 00:13:54] [%emt 00:00:03]} 67. Kxh6 {[%clk 00:08:07] [%emt
00:00:10]} Rb6+ {[%clk 00:10:40] [%emt 00:03:44]} 68. Kg5 {[%clk 00:08:34] [%emt
00:00:04]} Rb5+ {[%clk 00:10:58] [%emt 00:00:12]} 69. Kf6 {[%clk 00:08:49] [%emt
00:00:13]} Rb3 {[%clk 00:08:53] [%emt 00:02:36]} 70. h4 {[%clk 00:09:03] [%emt
00:00:16]} Rb4 {[%clk 00:03:16] [%emt 00:06:08]} 71. Ke5 {[%clk 00:09:22] [%emt
00:00:10]} Rg4 {[%clk 00:02:14] [%emt 00:01:32]} 72. Kd5 {[%clk 00:03:53] [%emt
00:05:59]} Rf4 {[%clk 00:01:45] [%emt 00:00:58]} 73. Kd6 {[%clk 00:03:05] [%emt
00:01:18]} Rg4 {[%clk 00:01:45] [%emt 00:00:30]} 74. h5 {[%clk 00:03:16] [%emt
00:00:19]} Rd4+ {[%clk 00:00:57] [%emt 00:01:18]} 75. Ke6 {[%clk 00:02:28] [%emt
00:01:18]} Rb4 {[%clk 00:00:43] [%emt 00:00:45]} 76. Rf7 {[%clk 00:02:37] [%emt
00:00:21]} Rh4 {[%clk 00:00:59] [%emt 00:00:14]} 77. Rf5 {[%clk 00:02:30] [%emt
00:00:36]} Kxb7 {[%clk 00:01:27] [%emt 00:00:02]} 78. Kf6 {[%clk 00:02:38] [%emt
00:00:22]} Kc7 {[%clk 00:01:54] [%emt 00:00:04]} 79. Kg6 {[%clk 00:02:57] [%emt
00:00:10]} Kd7 {[%clk 00:00:44] [%emt 00:01:41]} 80. h6 {[%clk 00:03:19] [%emt
00:00:08]} Ke6 {[%clk 00:00:39] [%emt 00:00:35]} 81. Rg5 {[%clk 00:03:09] [%emt
00:00:39]} Rf4 {[%clk 00:00:33] [%emt 00:00:37]} 82. h7 {[%clk 00:03:33] [%emt
00:00:06]} Rf6 {[%clk 00:00:57] [%emt 00:00:05]} 83. Kg7 {[%clk 00:03:40] [%emt
00:00:22]} 1-0

[Site "Europe Echecs"]

[Event "Grand Swiss "]
[Date "2025.09.14"]
[White "Gumularz, Szymon"]
[Black "Svane, Frederik"]
[WhiteElo "2590"]
[BlackElo "2643"]
[Round "10.10.41"]
[Result "1/2-1/2"]

1. c4 {[%clk 01:40:57] [%emt 00:00:03]} Nf6 {[%clk 01:40:53] [%emt 00:00:08]} 2.
Nf3 {[%clk 01:41:22] [%emt 00:00:05]} e6 {[%clk 01:41:18] [%emt 00:00:05]} 3. b3
{[%clk 01:41:48] [%emt 00:00:04]} d5 {[%clk 01:41:34] [%emt 00:00:14]} 4. Bb2
{[%clk 01:42:11] [%emt 00:00:07]} c5 {[%clk 01:41:27] [%emt 00:00:37]} 5. cxd5
{[%clk 01:42:24] [%emt 00:00:16]} exd5 {[%clk 01:41:52] [%emt 00:00:05]} 6. g3
{[%clk 01:42:47] [%emt 00:00:07]} Be7 {[%clk 01:40:57] [%emt 00:01:25]} 7. Bg2
{[%clk 01:43:04] [%emt 00:00:12]} h5 {[%clk 01:41:11] [%emt 00:00:17]} 8. O-O
{[%clk 01:41:38] [%emt 00:01:55]} Nc6 {[%clk 01:40:54] [%emt 00:00:48]} 9. e3
{[%clk 01:37:30] [%emt 00:04:38]} Bg4 {[%clk 01:40:05] [%emt 00:01:19]} 10. h3
{[%clk 01:37:09] [%emt 00:00:51]} Bf5 {[%clk 01:32:59] [%emt 00:07:36]} 11. d4
{[%clk 01:33:42] [%emt 00:03:58]} Qd7 {[%clk 01:24:26] [%emt 00:09:03]} 12. h4
{[%clk 01:33:10] [%emt 00:01:01]} cxd4 {[%clk 01:23:20] [%emt 00:01:37]} 13.
Nxd4 {[%clk 01:25:38] [%emt 00:08:02]} Bg4 {[%clk 01:16:26] [%emt 00:07:25]} 14.
f3 {[%clk 01:06:46] [%emt 00:19:22]} Be6 {[%clk 01:13:41] [%emt 00:03:15]} 15.
Nc3 {[%clk 01:07:08] [%emt 00:00:08]} Nxd4 {[%clk 01:04:59] [%emt 00:09:12]} 16.
Qxd4 {[%clk 01:07:27] [%emt 00:00:11]} Rc8 {[%clk 01:05:26] [%emt 00:00:04]} 17.
Rac1 {[%clk 00:57:38] [%emt 00:10:18]} Bc5 {[%clk 00:56:14] [%emt 00:09:41]} 18.
Qd2 {[%clk 00:55:06] [%emt 00:03:01]} d4 {[%clk 00:28:02] [%emt 00:28:43]} 19.
Na4 {[%clk 00:54:57] [%emt 00:00:40]} dxe3 {[%clk 00:28:01] [%emt 00:00:31]} 20.
Qxd7+ {[%clk 00:54:55] [%emt 00:00:32]} Nxd7 {[%clk 00:28:28] [%emt 00:00:03]}
21. Nxc5 {[%clk 00:47:19] [%emt 00:08:06]} Rxc5 {[%clk 00:28:55] [%emt
00:00:04]} 22. Rxc5 {[%clk 00:39:03] [%emt 00:08:46]} Nxc5 {[%clk 00:29:21]
[%emt 00:00:04]} 23. Bd4 {[%clk 00:39:28] [%emt 00:00:05]} b6 {[%clk 00:29:13]
[%emt 00:00:39]} 24. Bxe3 {[%clk 00:39:09] [%emt 00:00:48]} Ke7 {[%clk 00:23:22]
[%emt 00:06:22]} 25. Rc1 {[%clk 00:38:56] [%emt 00:00:43]} Rc8 {[%clk 00:19:37]
[%emt 00:04:14]} 26. Bf1 {[%clk 00:39:14] [%emt 00:00:11]} Nb7 {[%clk 00:19:55]
[%emt 00:00:13]} 27. Rxc8 {[%clk 00:37:39] [%emt 00:02:06]} Bxc8 {[%clk
00:20:22] [%emt 00:00:03]} 28. Bd4 {[%clk 00:37:40] [%emt 00:00:28]} g6 {[%clk
00:18:33] [%emt 00:02:20]} 29. Kf2 {[%clk 00:37:57] [%emt 00:00:12]} Nd6 {[%clk
00:18:58] [%emt 00:00:06]} 30. Be2 {[%clk 00:36:02] [%emt 00:02:25]} Bf5 {[%clk
00:16:48] [%emt 00:02:40]} 31. Bd1 {[%clk 00:35:42] [%emt 00:00:49]} Nb5 {[%clk
00:05:56] [%emt 00:11:23]} 32. Bb2 {[%clk 00:36:00] [%emt 00:00:11]} Nc7 {[%clk
00:04:21] [%emt 00:02:05]} 33. Ke3 {[%clk 00:34:51] [%emt 00:01:39]} Bb1 {[%clk
00:04:15] [%emt 00:00:37]} 34. a3 {[%clk 00:34:32] [%emt 00:00:50]} Kd6 {[%clk
00:04:43] [%emt 00:00:02]} 35. a4 {[%clk 00:24:20] [%emt 00:10:42]} Bf5 {[%clk
00:02:43] [%emt 00:02:30]} 36. g4 {[%clk 00:21:45] [%emt 00:03:05]} Bd7 {[%clk
00:00:43] [%emt 00:02:30]} 37. Ba3+ {[%clk 00:18:44] [%emt 00:03:30]} Ke6 {[%clk
00:01:11] [%emt 00:00:03]} 38. Kd4 {[%clk 00:15:25] [%emt 00:03:48]} Bc6 {[%clk
00:00:37] [%emt 00:01:05]} 39. Bc1 {[%clk 00:10:12] [%emt 00:05:43]} Nd5 {[%clk
00:00:33] [%emt 00:00:35]} 40. Bd2 {[%clk 00:10:09] [%emt 00:00:32]} Ne7 {[%clk
00:00:35] [%emt 00:00:28]} 41. b4 {[%clk 00:09:03] [%emt 00:01:35]} a6 {[%clk
00:27:05] [%emt 00:24:00]} 42. a5 {[%clk 00:51:44] [%emt 00:07:49]} bxa5 {[%clk
00:25:27] [%emt 00:02:09]} 43. bxa5 {[%clk 00:52:11] [%emt 00:00:03]} Bd5 {[%clk
00:00:32] [%emt 00:25:25]} 44. Kc5 {[%clk 00:50:14] [%emt 00:02:26]} Nc8 {[%clk
00:00:31] [%emt 00:00:31]} 45. Bf4 {[%clk 00:44:57] [%emt 00:05:47]} f6 {[%clk
00:00:39] [%emt 00:00:23]} 46. Be2 {[%clk 00:43:00] [%emt 00:02:26]} Bb7 {[%clk
00:01:02] [%emt 00:00:08]} 47. Bb8 {[%clk 00:41:20] [%emt 00:02:10]} hxg4 {[%clk
00:00:32] [%emt 00:01:01]} 48. fxg4 {[%clk 00:41:43] [%emt 00:00:06]} Kf7 {[%clk
00:00:31] [%emt 00:00:31]} 49. Bc4+ {[%clk 00:41:49] [%emt 00:00:24]} Kg7 {[%clk
00:00:37] [%emt 00:00:25]} 50. Be6 {[%clk 00:41:28] [%emt 00:00:50]} Kf8 {[%clk
00:00:32] [%emt 00:00:35]} 51. Bf4 {[%clk 00:38:10] [%emt 00:03:47]} Kg7 {[%clk
00:00:46] [%emt 00:00:16]} 52. Bd2 {[%clk 00:37:17] [%emt 00:01:23]} Kf8 {[%clk
00:00:53] [%emt 00:00:24]} 53. Bf4 {[%clk 00:19:05] [%emt 00:18:42]} Ke7 {[%clk
00:00:33] [%emt 00:00:50]} 54. Bc4 {[%clk 00:18:46] [%emt 00:00:49]} Kf8 {[%clk
00:00:46] [%emt 00:00:17]} 55. Bd3 {[%clk 00:16:05] [%emt 00:03:10]} Kg7 {[%clk
00:00:37] [%emt 00:00:33]} 56. Bd2 {[%clk 00:15:56] [%emt 00:00:44]} Kf7 {[%clk
00:00:35] [%emt 00:00:33]} 57. Bc3 {[%clk 00:14:59] [%emt 00:01:26]} g5 {[%clk
00:00:32] [%emt 00:00:34]} 58. h5 {[%clk 00:15:04] [%emt 00:00:26]} Kg7 {[%clk
00:00:38] [%emt 00:00:24]} 59. Bc4 {[%clk 00:09:47] [%emt 00:05:46]} Bf3 {[%clk
00:00:57] [%emt 00:00:10]} 60. Be6 {[%clk 00:10:09] [%emt 00:00:08]} Ne7 {[%clk
00:00:41] [%emt 00:00:47]} 61. h6+ {[%clk 00:03:57] [%emt 00:06:43]} Kxh6 {[%clk
00:00:35] [%emt 00:00:35]} 62. Bxf6 {[%clk 00:04:20] [%emt 00:00:07]} Ng6 {[%clk
00:13:02] [%emt 00:03:04]} 63. Bc8 {[%clk 00:19:10] [%emt 00:00:40]} Be2 {[%clk
00:08:24] [%emt 00:05:08]} 64. Kd6 {[%clk 00:18:06] [%emt 00:01:34]} Nf4 {[%clk
00:02:46] [%emt 00:05:59]} 65. Bd4 {[%clk 00:18:30] [%emt 00:00:14]} Kg6 {[%clk
00:02:33] [%emt 00:00:44]} 66. Ke7 {[%clk 00:14:13] [%emt 00:04:47]} Bd3 {[%clk
00:02:05] [%emt 00:00:58]} 67. Kf8 {[%clk 00:13:32] [%emt 00:01:10]} Ne2 {[%clk
00:01:47] [%emt 00:00:47]} 68. Be5 {[%clk 00:12:40] [%emt 00:01:22]} Nf4 {[%clk
00:02:17]} 69. Bd7 {[%clk 00:12:35] [%emt 00:00:36]} Kh6 {[%clk 00:01:08] [%emt
00:01:40]} 70. Bd6 {[%clk 00:11:17] [%emt 00:01:47]} Kg6 {[%clk 00:01:19] [%emt
00:00:14]} 71. Be5 {[%clk 00:09:06] [%emt 00:02:46]} Kh6 {[%clk 00:01:48] [%emt
00:00:02]} 72. Bb2 {[%clk 00:09:15] [%emt 00:00:20]} Kg6 {[%clk 00:01:36] [%emt
00:00:37]} 73. Be8+ {[%clk 00:07:36] [%emt 00:02:15]} Kh7 {[%clk 00:01:40] [%emt
00:00:23]} 74. Bf7 {[%clk 00:07:04] [%emt 00:01:04]} Ng6+ {[%clk 00:01:40] [%emt
00:00:29]} 75. Ke8 {[%clk 00:07:28] [%emt 00:00:08]} Bb5+ {[%clk 00:01:39] [%emt
00:00:31]} 76. Kd8 {[%clk 00:07:54] [%emt 00:00:04]} Nf4 {[%clk 00:00:47] [%emt
00:01:22]} 77. Be8 {[%clk 00:02:42] [%emt 00:05:42]} Be2 {[%clk 00:01:16]} 78.
Bd7 {[%clk 00:03:08] [%emt 00:00:04]} Kg6 {[%clk 00:01:42] [%emt 00:00:03]} 79.
Bc8 {[%clk 00:02:02] [%emt 00:01:36]} Nd5 {[%clk 00:00:34] [%emt 00:01:39]} 80.
Bf5+ {[%clk 00:02:07] [%emt 00:00:25]} Kf7 {[%clk 00:00:56] [%emt 00:00:06]} 81.
Bc1 {[%clk 00:02:29] [%emt 00:00:10]} Nf6 {[%clk 00:00:57] [%emt 00:00:28]} 82.
Bxg5 {[%clk 00:02:31] [%emt 00:00:28]} Nxg4 {[%clk 00:01:26] [%emt 00:00:02]}
83. Kc7 {[%clk 00:02:19] [%emt 00:00:42]} Ne5 {[%clk 00:01:48] [%emt 00:00:08]}
84. Bc8 {[%clk 00:02:37] [%emt 00:00:12]} Bb5 {[%clk 00:01:51] [%emt 00:00:24]}
85. Bd2 {[%clk 00:01:46] [%emt 00:01:25]} Nc4 {[%clk 00:02:00] [%emt 00:00:21]}
86. Bb4 {[%clk 00:02:11] [%emt 00:00:04]} Kf6 {[%clk 00:02:11] [%emt 00:00:18]}
87. Bc3+ {[%clk 00:02:14] [%emt 00:00:27]} 1/2-1/2

[Site "Europe Echecs"]